000
00272nam a2200097Ia 4500
001
698735
005
20250826162057.0
008
250824s9999 xx 000 0 und d
245
0
_a
SAVAŞ VE BARIŞ (ANTİK DÜNYA KLASİKLERİ)
_c
TOLSTOY
260
_b
ANTİK DÜNYA KLASİKLERİ
999
_c
698735
_d
698735